Score 0/7 Timer 03:00
0 Plays Today
Question Answer Wrong Answers
This American comedian, known for directing films like Manhattan and Annie Hall, is born in New York City.
1935
Woody Allen
94.1%
Mel Brooks
3.4%
Billy Wilder
1.3%
Mike Nichols
0.9%
This action-comedy film, starring Eddie Murphy as Axel Foley, premieres in Los Angeles.
1984
Beverly Hills Cop
90.5%
Lethal Weapon
2.9%
48 Hrs.
4.8%
Romancing the Stone
0.6%
The Pinwheel cable TV network is launched, which would later become the home for shows like Double Dare and SpongeBob SquarePants after changing its name to this.
1977
Nickelodeon
88.3%
Disney Junior
0.6%
Cartoon Network
9.9%
Sprout
0.4%
A right-wing military coup attempts to oust President Corazon Aquino in this country.
1989
Philippines
78.2%
El Salvador
10.2%
Dominican Republic
2.8%
Panama
7.3%
This former country, with its capital in Belgrade, declares its independence. It would exist for 74 years before being broken up.
1918
Yugoslavia
72.1%
Czechoslovakia
10.1%
Serbia
15.6%
Moldavian Democratic Republic
2.1%
This former national security advisor for US President Donald Trump pleads guilty to charges of lying to the FBI.
2017
Michael Flynn
51%
Paul Manafort
40.5%
H. R. McMaster
2.5%
John Bolton
4.1%
Shortly before releasing his album 'Vol. 3... Life and Times of S. Carter', this rapper stabs record executive Lance Rivera at a night club. He would later be sentenced to 3 years probation for the attack.
1999
Jay-Z
45.1%
Eminem
4.3%
Snoop Dogg
16.9%
Tupac Shakur
31.9%
Remove Ads.
Support Sporcle.
Get the best of Sporcle when you Go Orange. This ad-free experience offers more features, more stats, and more fun while also helping to support Sporcle. Thank you for becoming a member.

You're not logged in!

Compare scores with friends on all Sporcle quizzes.
OR
Log In

Show Comments

Extras

Top Quizzes Today


Score Distribution

Your Account Isn't Verified!

In order to create a playlist on Sporcle, you need to verify the email address you used during registration. Go to your Sporcle Settings to finish the process.

Report this User

Report this user for behavior that violates our Community Guidelines.

Details: